000
00185 a2200097 4500
020
_a
9789978490037
041
_a
spa
100
_a
Anonimo
245
_a
El poema del Mio cid
942
_c
BK
999
_c
11119
_d
11119